000 00936nam a22003017a 4500
001 BR7902075
003 BR-BrBNA
005 20230928085959.0
007 ta
008 230509b bl.||||| |||| 00| 0 por d
040 _aBR-BrBNA
_bpor
_cBiblioteca Nacional de Agricultura
041 _a(Por)
072 _aL10
_b5212
090 _ 5212 BR7902075
100 1 _aLeal, J.A.
110 1 _aEscola Superior de Agricultura de Lavras, MG (Brasil)
_0Tese (Mestrado)
245 1 _aDuracao de cio e momento de ovulacao em novilhas mesticas (Holandes zebu)com e sem sincronizacao de cio
260 3 _aLavras, MG (Brasil):
_c1979.
300 _a87 p.
500 _a26 tables; Summaries (Eng, Por); Bibliography p. 71-87 (120 ref.)
650 _aGenetica animal
650 _aGado mestico
650 _aCiclo estral
650 _aSincronizacao do cio
650 _aOvulacao
909 _a202309
_bLucia
_c55
_dLucia Elande
942 _cBK
999 _c27290
_d27290